La larga marcha de los trabajadores del mar / (Registro nro. 130397)

Detalles MARC
000 -LEADER
campo de control de longitud fija 00681nam a2200205 i 4500
001 - NÚMERO DE CONTROL
campo de control 130397
003 - IDENTIFICADOR DE NÚMERO DE CONTROL
campo de control ES-MaACL
007 - CAMPO FIJO DE DESCRIPCIÓN FÍSICA--INFORMACIÓN GENERAL
campo de control de longitud fija t|
008 - DATOS DE LONGITUD FIJA--INFORMACIÓN GENERAL
campo de control de longitud fija 070727s1975 sp ||||1| spa d
100 1# - ENTRADA PRINCIPAL--NOMBRE DE PERSONA
Nombre de persona Zamora Terrés, Juan.
9 (RLIN) 117951
245 13 - MENCIÓN DEL TÍTULO
Título La larga marcha de los trabajadores del mar /
Mención de responsabilidad, etc. J. Zamora Terrés, J. López Boza.
260 ## - PUBLICACIÓN, DISTRIBUCIÓN, ETC.
Lugar de publicación, distribución, etc. [Bilbao :
Nombre del editor, distribuidor, etc. Zero,
Fecha de publicación, distribución, etc. 1975]
300 ## - DESCRIPCIÓN FÍSICA
Extensión 88 p. ;
Dimensiones 17 cm.
490 1# - MENCIÓN DE SERIE
Mención de serie Colección "Lee y discute" ;
Designación de volumen o secuencia 53.
Mención de serie Serie R
650 14 - PUNTO DE ACCESO ADICIONAL DE MATERIA--TÉRMINO DE MATERIA
Término de materia o nombre geográfico como elemento de entrada Trabajadores del mar-
Subdivisión geográfica España.
9 (RLIN) 17586
700 1# - ENTRADA AGREGADA--NOMBRE PERSONAL
Nombre de persona López Boza, J.
9 (RLIN) 73466
830 0# - PUNTO DE ACCESO ADICIONAL DE SERIE-TÍTULO UNIFORME
Título uniforme Colección "Lee y discute" ;
Designación de volumen o secuencia 53.
Título uniforme Serie R
9 (RLIN) 219453
852 ## - LOCALIZACIÓN
Ubicación ES-MaACL
Número de control de estantería E-7944
Sublocalización o colección R.91958
Existencias
Estatus retirado Estado de pérdida Estado de daño No para préstamo Biblioteca de origen Biblioteca actual Ubicación en estantería Fecha de adquisición Fuente de adquisición Total de préstamos Signatura topográfica completa Código de barras Visto por última vez Precio de reemplazo Tipo de ítem Koha
        Biblioteca del Ateneo de Madrid Biblioteca del Ateneo de Madrid Depósito 2 17/01/2008     E-7944 1135771 23/02/2023 23/02/2023 Libro impreso